Poetry and prose of the ming and qing (Record no. 25752)
[ view plain ]
| 000 -LEADER | |
|---|---|
| fixed length control field | 00552nam a22001937a 4500 |
| 005 - DATE AND TIME OF LATEST TRANSACTION | |
| control field | 20260216172100.0 |
| 008 - FIXED-LENGTH DATA ELEMENTS--GENERAL INFORMATION | |
| fixed length control field | 260216b |||||||| |||| 00| 0 eng d |
| 020 ## - INTERNATIONAL STANDARD BOOK NUMBER | |
| International Standard Book Number | 0-8351-1605-0 (pbk) |
| 040 ## - CATALOGING SOURCE | |
| Transcribing agency | UE-CL |
| 082 ## - DEWEY DECIMAL CLASSIFICATION NUMBER | |
| Classification number | 895.1 |
| Item number | X4 |
| 100 ## - MAIN ENTRY--PERSONAL NAME | |
| Personal name | Xianyi Yang |
| 245 ## - TITLE STATEMENT | |
| Title | Poetry and prose of the ming and qing |
| Statement of responsibility, etc | / Yang Xianyi |
| 260 ## - PUBLICATION, DISTRIBUTION, ETC. (IMPRINT) | |
| Place of publication, distribution, etc | China: |
| Name of publisher, distributor, etc | Panda Books, |
| Date of publication, distribution, etc | 1986 |
| 300 ## - PHYSICAL DESCRIPTION | |
| Extent | 350 P. |
| 546 ## - LANGUAGE NOTE | |
| Language note | English |
| 650 ## - SUBJECT ADDED ENTRY--TOPICAL TERM | |
| Topical term or geographic name as entry element | Poetry--Prose--Ming--Qing |
| 942 ## - ADDED ENTRY ELEMENTS (KOHA) | |
| Koha item type | Books |
| 505 ## - FORMATTED CONTENTS NOTE | |
| Formatted contents note | 1 Liu Ji<br/>2 Gao Qi<br/>3 Gui Youguang<br/>4 Tang Xianzu<br/>5 Yuan Hongdao |
| Withdrawn status | Damaged status | Not for loan | Home library | Current library | Date acquired | Full call number | Barcode | Date last seen | Price effective from | Koha item type |
|---|---|---|---|---|---|---|---|---|---|---|
| UE-Central Library | UE-Central Library | 16.02.2026 | 895.1 X4 | T5554D | 16.02.2026 | 16.02.2026 | Books |
